| 000 -LEADER |
| fixed length control field |
00537nam a22001817a 4500 |
| 005 - DATE AND TIME OF LATEST TRANSACTION |
| control field |
20231004153730.0 |
| 008 - FIXED-LENGTH DATA ELEMENTS--GENERAL INFORMATION |
| fixed length control field |
231004s1980 enk||||| |||| 00| 0 eng d |
| 020 ## - INTERNATIONAL STANDARD BOOK NUMBER |
| International Standard Book Number |
04167120X |
| 041 ## - LANGUAGE CODE |
| Language code of text/sound track or separate title |
eng |
| 080 ## - UNIVERSAL DECIMAL CLASSIFICATION NUMBER |
| Universal Decimal Classification number |
739 H-65 |
| 100 ## - MAIN ENTRY--PERSONAL NAME |
| Personal name |
Higgins, Reynold |
| 9 (RLIN) |
19995 |
| 245 ## - TITLE STATEMENT |
| Title |
Greek and Roman Jewellery / |
| Statement of responsibility, etc. |
Reynold Higgins. |
| 250 ## - EDITION STATEMENT |
| Edition statement |
Second edition |
| 264 ## - PRODUCTION, PUBLICATION, DISTRIBUTION, MANUFACTURE, AND COPYRIGHT NOTICE |
| Place of production, publication, distribution, manufacture |
London, |
| Date of production, publication, distribution, manufacture, or copyright notice |
1980. |
| 300 ## - PHYSICAL DESCRIPTION |
| Extent |
243 p.: |
| Other physical details |
ill.; |
| Dimensions |
24 cm. |
| 653 ## - INDEX TERM--UNCONTROLLED |
| keyword |
ბერძნული და რომაული სამკაულები |
| 942 ## - ADDED ENTRY ELEMENTS (KOHA) |
| Source of classification or shelving scheme |
|
| Koha item type |
წიგნი |